<?xml version='1.0' encoding='UTF-8'?>
  <record xmlns="http://www.loc.gov/MARC21/slim">
    <leader>00000cam a2200000Mi 4500</leader>
    <controlfield tag="001">ocn907588606</controlfield>
    <controlfield tag="003">OCoLC</controlfield>
    <controlfield tag="005">20250802120204.7</controlfield>
    <controlfield tag="008">890606s1644    ne            000 0 dut d</controlfield>
    <datafield tag="040" ind1=" " ind2=" ">
      <subfield code="a">NLGGC</subfield>
      <subfield code="b">dut</subfield>
      <subfield code="e">fobidrtb</subfield>
      <subfield code="c">NLGGC</subfield>
      <subfield code="d">OCLCO</subfield>
      <subfield code="d">OCLCF</subfield>
      <subfield code="d">OCLCA</subfield>
      <subfield code="d">L2U</subfield>
      <subfield code="d">OCLCA</subfield>
      <subfield code="d">NLRIJ</subfield>
      <subfield code="d">OCLCO</subfield>
      <subfield code="d">OCLCQ</subfield>
      <subfield code="d">OCLCL</subfield>
      <subfield code="d">OCLCQ</subfield>
      <subfield code="d">OCLCL</subfield>
    </datafield>
    <datafield tag="066" ind1=" " ind2=" ">
      <subfield code="c">(S</subfield>
    </datafield>
    <datafield tag="029" ind1="0" ind2=" ">
      <subfield code="a">NLGGC</subfield>
      <subfield code="b">053347706</subfield>
    </datafield>
    <datafield tag="035" ind1=" " ind2=" ">
      <subfield code="a">(OCoLC)907588606</subfield>
    </datafield>
    <datafield tag="041" ind1="1" ind2=" ">
      <subfield code="a">dut</subfield>
      <subfield code="h">ita</subfield>
    </datafield>
    <datafield tag="082" ind1="0" ind2="4">
      <subfield code="a">704.94/6</subfield>
      <subfield code="q">OCoLC</subfield>
      <subfield code="1">https://id.oclc.org/worldcat/ddc/E348RJWmqBkMyXQHWkxdDPbXVC</subfield>
    </datafield>
    <datafield tag="100" ind1="1" ind2=" ">
      <subfield code="a">Ripa, Cesare,</subfield>
      <subfield code="d">ca. 1560-ca. 1620.</subfield>
      <subfield code="1">https://id.oclc.org/worldcat/entity/E39PBJmtyGQBFGM9VjfDBPV6Kd</subfield>
    </datafield>
    <datafield tag="245" ind1="1" ind2="0">
      <subfield code="a">Iconologia, of uytbeeldingen des verstands /</subfield>
      <subfield code="c">van Cesare Ripa van Perugien, ridder van SS. Mauritius en Lazzaro. Waer in verscheiden afbeeldingen van deughden, ondeughden ... werden verhandelt ... Verrijckt met veele beeldnissen en geestige geleerde overwegingen, door de uytnemende verbeteringe van Giov. Zaratino Castellini ... uit het Italiaens vertaelt door D.P. Pers.</subfield>
    </datafield>
    <datafield tag="246" ind1="3" ind2=" ">
      <subfield code="a">Iconologia</subfield>
    </datafield>
    <datafield tag="246" ind1="3" ind2=" ">
      <subfield code="a">Iconologia, of uijtbeeldingē des verstants</subfield>
    </datafield>
    <datafield tag="260" ind1=" " ind2=" ">
      <subfield code="a">Amstelredam :</subfield>
      <subfield code="b">by Dirck Pietersz Pers,</subfield>
      <subfield code="c">1644</subfield>
      <subfield code="e">(t'Aemsteldam, :</subfield>
      <subfield code="f">gedruckt by Jacob Lescaille, in 't jaer 1644)</subfield>
    </datafield>
    <datafield tag="300" ind1=" " ind2=" ">
      <subfield code="a">[14], 636, [8] p. :</subfield>
      <subfield code="b">ill. ;</subfield>
      <subfield code="c">in-4.</subfield>
    </datafield>
    <datafield tag="336" ind1=" " ind2=" ">
      <subfield code="a">tekst</subfield>
      <subfield code="b">txt</subfield>
      <subfield code="2">rdacontent/dut</subfield>
    </datafield>
    <datafield tag="337" ind1=" " ind2=" ">
      <subfield code="a">zonder medium</subfield>
      <subfield code="b">n</subfield>
      <subfield code="2">rdamedia/dut</subfield>
    </datafield>
    <datafield tag="338" ind1=" " ind2=" ">
      <subfield code="a">band</subfield>
      <subfield code="b">nc</subfield>
      <subfield code="2">rdacarrier/dut</subfield>
    </datafield>
    <datafield tag="500" ind1=" " ind2=" ">
      <subfield code="a">[pi]1 * 6 (-*6) 2* 2 A-4L 4 4M 2.</subfield>
    </datafield>
    <datafield tag="500" ind1=" " ind2=" ">
      <subfield code="a">Gegraveerde titelprent: Iconologia, of uijtbeeldingē des verstants.</subfield>
    </datafield>
    <datafield tag="500" ind1=" " ind2=" ">
      <subfield code="a">Houtsneden van I.C.I. [= Indicit C. Jegher]; gegraveerd titelblad: R. A. Persijn scul., Ad. van Nieuland fecit.</subfield>
    </datafield>
    <datafield tag="510" ind1="0" ind2=" ">
      <subfield code="a">Praz p.474</subfield>
    </datafield>
    <datafield tag="510" ind1="0" ind2=" ">
      <subfield code="a">Landwehr (Emblem &amp; fable books) 683</subfield>
    </datafield>
    <datafield tag="530" ind1=" " ind2=" ">
      <subfield code="a">Titel is geselecteerd voor digitalisering voor de Universiteit van Amsterdam in het kader van het Google Books-project.</subfield>
    </datafield>
    <datafield tag="520" ind1="8" ind2=" ">
      <subfield code="a">"First Dutch edition, newly and extensively illustrated, of a famous encyclopaedia of iconography, the Iconologia of Cesare Ripa (1560- 1645). It describes about 650 symbolic human or semi-human figures, illustrates nearly 200, and was intended as a guide for all kinds of artists, writers, orators and amateurs. In the present 1644 edition the Amsterdam publisher, bookseller and poet Dirck Pietersz. Pers (1581-1659) translated and edited Ripa's text and Castellini's additions and made further additions of his own. He also included 196 woodcut illustrations cut for this edition based on a selection of those in the 1630 edition. It was in this form that Ripa's work was best known to artists in the Dutch golden age and it remained in use by painters and designers for the decorative arts far into the 18th century. An important source of knowledge and inspiration for artists of the Dutch golden age."</subfield>
    </datafield>
    <datafield tag="650" ind1=" " ind2="0">
      <subfield code="a">Emblems.</subfield>
    </datafield>
    <datafield tag="650" ind1=" " ind2="6">
      <subfield code="a">Emblèmes.</subfield>
    </datafield>
    <datafield tag="650" ind1=" " ind2="7">
      <subfield code="a">emblems (symbols)</subfield>
      <subfield code="2">aat</subfield>
    </datafield>
    <datafield tag="650" ind1=" " ind2="7">
      <subfield code="a">Emblems.</subfield>
      <subfield code="2">fast</subfield>
      <subfield code="0">(OCoLC)fst00908357</subfield>
    </datafield>
    <datafield tag="655" ind1=" " ind2="7">
      <subfield code="a">Emblemata (teksten)</subfield>
      <subfield code="2">gtt</subfield>
      <subfield code="0">(NL-LeOCL)112192130</subfield>
    </datafield>
    <datafield tag="700" ind1="1" ind2=" ">
      <subfield code="a">Castellini, Giovanni Zaratino,</subfield>
      <subfield code="d">1570-1641.</subfield>
      <subfield code="1">https://id.oclc.org/worldcat/entity/E39PBJB8t4pGQ4dQkdYPCQXyBP</subfield>
    </datafield>
    <datafield tag="700" ind1="1" ind2=" ">
      <subfield code="a">Pers, Dirck Pietersz,</subfield>
      <subfield code="d">1581-1659.</subfield>
      <subfield code="1">https://id.oclc.org/worldcat/entity/E39PBJyGYfjvfVJhP6rKyyqJDq</subfield>
    </datafield>
    <datafield tag="710" ind1="0" ind2=" ">
      <subfield code="a">Pers, Dirck Pietersz (Amsterdam)</subfield>
      <subfield code="4">prt</subfield>
      <subfield code="0">(NL-LeOCL)077131118</subfield>
    </datafield>
    <datafield tag="710" ind1="0" ind2=" ">
      <subfield code="a">Lescailje, Jacob (Amsterdam)</subfield>
      <subfield code="4">prt</subfield>
      <subfield code="0">(NL-LeOCL)077131142</subfield>
    </datafield>
    <datafield tag="765" ind1="0" ind2=" ">
      <subfield code="t">Iconologia, o vero descrittione d'imaginé</subfield>
    </datafield>
    <datafield tag="776" ind1="0" ind2=" ">
      <subfield code="t">Iconologia, of uytbeeldingen des verstands</subfield>
      <subfield code="w">(NL-LeOCL)400235846</subfield>
    </datafield>
    <datafield tag="776" ind1="0" ind2=" ">
      <subfield code="t">Iconologia, of uytbeeldingen des verstands</subfield>
      <subfield code="w">(NL-LeOCL)406939764</subfield>
    </datafield>
    <datafield tag="776" ind1="0" ind2=" ">
      <subfield code="t">Iconologia, of uytbeeldingen des verstands</subfield>
      <subfield code="w">(NL-LeOCL)406939772</subfield>
    </datafield>
    <datafield tag="776" ind1="0" ind2=" ">
      <subfield code="t">Iconologia, of uytbeeldingen des verstands</subfield>
      <subfield code="w">(NL-LeOCL)408452382</subfield>
    </datafield>
    <datafield tag="880" ind1=" " ind2=" ">
      <subfield code="6">500-00/(S</subfield>
      <subfield code="a">π1 * 6 (-*6) 2* 2 A-4L 4 4M 2.</subfield>
    </datafield>
  </record>